00778nam a2200193 a 450000100060000000300090000600800410001504000280005608200180008410000340010224500360013626000430017230000080021550502420022365000260046565000330049165000320052465000280055622640CO-ViMGA141112s2004 ck r 000 u spa d aCO-ViMGAbspacCO-ViMGA04a321.252 V351s1 aVelasquez Fernandez, Mauricio10aEl sistema pensional colombiano aMedellin : bSeñal Editorial, c2007 a265 aHistoria de la seguridad social 11 - 25 - - Crisis del modelo de seguridad social en el estado de bienestar 31 - 40 - - La relacion juridica en la seguridad social 47 - 52 - - El derecho penal como un derecho social fundamental 57 - 90 14aSEGURIDA SOCIAL CHILE14aSEGURIDAD SOCIAL - ARGENTINA14aSEGURIDAD SOCIAL - COLOMBIA14aSEGURIDAD SOCIAL BRAZIL